Harry Potter en images - Statistiques

Statistiques générales
  • Ce quiz a été pris 107 fois
  • Le résultat moyen est 38 sur 50
Statistiques - réponses
Par images Réponse % Correct
Albus Dumbledore
100%
Dobby
100%
Harry Potter
100%
Hermione Granger
100%
Ron Weasley
100%
Drago Malefoy
99%
Lord Voldemort
99%
Severus Rogue
99%
Rubeus Hagrid
98%
Lucius Malefoy
92%
Sirius Black
92%
Luna Lovegood
90%
Bellatrix Lestrange
89%
Fred Weasley
89%
Ginny Weasley
88%
Minerva McGonagall
88%
George Weasley
86%
Neville Londubat
86%
Remus Lupin
85%
Fleur Delacour
84%
Dolores Ombrage
83%
Peter Pettigrow
83%
Cho Chang
82%
Cedric Diggory
80%
Viktor Krum
80%
Arthur Weasley
78%
Dudley Dursley
77%
Molly Weasley
77%
Alastor Maugrey
75%
Vernon Dursley
73%
Bill Weasley
72%
Gilderoy Lockhart
69%
Nymphadora Tonks
69%
Pétunia Dursley
69%
Barty Croupton Jr.
67%
Narcissa Malefoy
67%
Pomona Chourave
66%
Rolanda Bibine
65%
Filius Flitwick
61%
Seamus Finnigan
61%
Quirinius Quirrell
59%
Dean Thomas
58%
Igor Karkaroff
57%
Rita Skeeter
57%
Parvati Patil
56%
Olympe Maxime
55%
Horace Slughorn
53%
Padma Patil
52%
Kingsley Shacklebolt
48%
Arabella Figg
35%
Aucun quiz correspondant
Distribution des résultats
% des personnes avec chaque résultat
Percentile par nombre de réponses
Votre historique - résultats
Vous n’avez pas pris ce quiz